Richest people 2026 - Statistics

General Stats
  • This quiz has been taken 365 times
    65 since last reset
  • The average score is 6 of 20
Answer Stats
Net worth (billions of USD) Person % Correct
795.7 Elon Musk
98%
259.5 Jeff Bezos
85%
104.6 Bill Gates
74%
236.0 Mark Zuckerberg
69%
279.7 Larry Page
38%
140.4 Warren Buffett
38%
157.6 Bernard Arnault
26%
221.1 Larry Ellison
26%
145.6 Rob Walton
26%
133.7 Alice Walton
25%
142.9 Jim Walton
23%
258.0 Sergey Brin
23%
174.4 Jensen Huang
21%
144.1 Amancio Ortega
16%
133.9 Steve Ballmer
13%
171.0 Michael Dell
10%
125.8 Carlos Slim Helu
8%
109.4 Michael Bloomberg
7%
95.5 Mukesh Ambani
7%
111.3 Changpeng Zhao
3%
No matching quizzes found
Score Distribution
Percent of People with Each Score
Percentile by Number Answered
Your Score History
You have not taken this quiz since the last reset